KUBY IMMUNOLOGY (Record no. 9021)

MARC details
000 -LEADER
fixed length control field 00500nam a22001817a 4500
005 - DATE AND TIME OF LATEST TRANSACTION
control field 20251204170455.0
008 - FIXED-LENGTH DATA ELEMENTS--GENERAL INFORMATION
fixed length control field 251203b |||||||| |||| 00| 0 eng d
020 ## - INTERNATIONAL STANDARD BOOK NUMBER
ISBN 978-1-319-49865-8
041 ## - LANGUAGE CODE
Language code of text/sound track or separate title eng
082 ## - DEWEY DECIMAL CLASSIFICATION NUMBER
Classification number 571.96 STR-K
100 ## - MAIN ENTRY--AUTHOR NAME
Personal name STRANFORD, SHARON A. AND OWEN, JUDITH.A PUNT, JENNI AND JONES, PATRICIA P.
245 ## - TITLE STATEMENT
Title KUBY IMMUNOLOGY
250 ## - EDITION STATEMENT
Edition statement 8TH. ED.
260 ## - PUBLICATION, DISTRIBUTION, ETC. (IMPRINT)
Place of publication U.K.
Name of publisher McMILLAN LEARNING
Year of publication 2023
300 ## - PHYSICAL DESCRIPTION
Number of Pages I-22;P
650 ## - SUBJECT ADDED ENTRY--TOPICAL TERM
Topical Term PARAMEDICAL
942 ## - ADDED ENTRY ELEMENTS (KOHA)
Koha item type Books
Holdings
Lost status Damaged status Collection code Home library Current library Shelving location Date acquired Source of acquisition Cost, normal purchase price Serial Enumeration / chronology Full call number Accession Number Koha item type
    PARAMEDICAL JRU Library JRU Library SHELF-105-E 01/12/2025 PURCHASE 9995.00 LBI-000811/28-11-2025 571.96 29253 Books